000 00522nam a2200181Ia 4500
008 090123s9999 xx 000 0 und d
082 _b2098
_a891.463/जोशी
100 _aजोशी श्री.ज.
245 _aचार्वाक
250 _a1
260 _bसुलभ मुद्रणालय
300 _a143
600 _aजोशी श्री.ज.
630 _aचार्वाक
700 _aजोशी श्री.ज.
730 _aचार्वाक
942 _cBOOK
999 _c40182
_d40182